[Event "Santa Fe Rafaela U2200 op"]
[Site "Santa Fe"]
[Date "2019.05.04"]
[Round "1.13"]
[White "Calamari, Herminio"]
[Black "Ursprung, Exequiel"]
[Result "1-0"]
[WhiteElo "1219"]
[BlackElo "1796"]
[PlyCount "102"]
[EventDate "2019.05.04"]
[EventType "swiss"]
[EventRounds "6"]
[EventCountry "ARG"]
[SourceTitle "EXT 2024"]
[Source "ChessBase"]
[SourceDate "2023.10.10"]
[SourceVersion "1"]
[SourceVersionDate "2023.10.10"]
[SourceQuality "1"]

1. e4 c5 2. Nf3 e6 3. d4 cxd4 4. Nxd4 a6 5. Bd3 Qc7 6. 0-0 Nc6 7. Be3 Nf6 8. Nc3 Be7 9. a3 b5 10. Nxc6 dxc6 11. f4 e5 12. f5 c5 13. Nd5 Nxd5 14. exd5 Bb7 15. Be4 Rd8 16. Qf3 Qd6 17. Rad1 h6 18. Qg4 Bg5 19. Bxg5 hxg5 20. Qxg5 Qh6 21. Qg3 f6 22. b3 Kf8 23. c4 Qh4 24. Qxh4 Rxh4 25. Rfe1 Kf7 26. g3 Rhh8 27. Kg2 Rd6 28. h3 Rb8 29. Rb1 Bc8 30. g4 Rdb6 31. h4 a5 32. g5 fxg5 33. hxg5 Ba6 34. Bd3 bxc4 35. bxc4 Rxb1 36. Rxb1 Rxb1 37. Bxb1 Bxc4 38. Be4 Ke7 39. Kf3 Kd6 40. f6 gxf6 41. gxf6 Bb5 42. Kg4 Be8 43. Kg5 Bf7 44. Kh6 Kd7 45. Kg7 Ke8 46. d6 Be6 47. Bc6+ Kd8 48. f7 Bxf7 49. Kxf7 e4 50. Ke6 e3 51. Bb5 a4 1-0

[Event "Santa Fe Rafaela U2200 op"]
[Site "Santa Fe"]
[Date "2019.05.04"]
[Round "2.13"]
[White "Decoppet, Nestor"]
[Black "Calamari, Herminio"]
[Result "1-0"]
[WhiteElo "1783"]
[BlackElo "1219"]
[PlyCount "146"]
[EventDate "2019.05.04"]
[EventType "swiss"]
[EventRounds "6"]
[EventCountry "ARG"]
[SourceTitle "EXT 2024"]
[Source "ChessBase"]
[SourceDate "2023.10.10"]
[SourceVersion "1"]
[SourceVersionDate "2023.10.10"]
[SourceQuality "1"]

1. e4 d6 2. d4 g6 3. Be3 Bg7 4. Nc3 Nf6 5. f3 a6 6. Qd2 b5 7. a3 0-0 8. Bh6 Nbd7 9. g4 e5 10. d5 Qe7 11. h4 Bb7 12. h5 c6 13. Bxg7 Kxg7 14. hxg6 fxg6 15. dxc6 Bxc6 16. 0-0-0 Ne8 17. Nd5 Bxd5 18. Qxd5 Rb8 19. Rd2 Ndf6 20. Qc6 Qb7 21. Qxb7+ Rxb7 22. Bh3 Nd7 23. g5 Nc5 24. b4 Na4 25. Bc8 Ra7 26. Rdh2 Rh8 27. Ne2 Nb6 28. Be6 Nc7 29. Bb3 Nc4 30. a4 Ne6 31. Rg2 Rf8 32. Bxc4 bxc4 33. Rd1 Rd7 34. Rg3 Rb8 35. c3 Rf8 36. Rd5 Nc7 37. Ra5 Rb8 38. Rg1 Rb6 39. Rd1 Rf7 40. Ng1 Ne6 41. Kd2 Nxg5 42. Ke3 h5 43. Rd2 Ne6 44. Rad5 Nf4 45. Rxd6 Rxd6 46. Rxd6 h4 47. Kf2 Rf6 48. Rd7+ Kf8 49. Rc7 Nd3+ 50. Kg2 Nb2 51. Kh3 g5 52. Kg4 Nd3 53. Rxc4 Ne1 54. Rc5 Rf4+ 55. Kxg5 Nxf3+ 56. Nxf3 h3 57. Nxe5 h2 58. Ng6+ Kg7 59. Nxf4 h1Q 60. Kf5 Qb1 61. Ne6+ Kf7 62. Rc7+ Ke8 63. Ke5 Qd1 64. a5 Qd3 65. Rc8+ Kd7 66. Rc7+ Ke8 67. Ng7+ Kd8 68. Ne6+ Ke8 69. Rc5 Ke7 70. Nd4 Qg3+ 71. Kd5 Qg8+ 72. Kc6 Qa8+ 73. Kb6 Qxe4 1-0

[Event "San Justo op"]
[Site "San Justo"]
[Date "2019.04.14"]
[Round "4.9"]
[White "Calamari, Herminio"]
[Black "Cabrera, Damian"]
[Result "0-1"]
[WhiteElo "1236"]
[BlackElo "1573"]
[PlyCount "66"]
[EventDate "2019.04.13"]
[EventType "swiss"]
[EventRounds "6"]
[EventCountry "ARG"]
[SourceTitle "EXT 2024"]
[Source "ChessBase"]
[SourceDate "2023.10.10"]
[SourceVersion "1"]
[SourceVersionDate "2023.10.10"]
[SourceQuality "1"]

1. e4 c5 2. Nf3 d6 3. d4 cxd4 4. Nxd4 Nf6 5. Nc3 g6 6. Be3 Bg7 7. f3 0-0 8. Bc4 a6 9. Qd2 Re8 10. 0-0-0 b5 11. Bb3 Bb7 12. h4 Nbd7 13. g4 Nc5 14. Kb1 Nxb3 15. Nxb3 Nd7 16. h5 Ne5 17. Qf2 Rc8 18. Bd4 Qc7 19. hxg6 fxg6 20. g5 e6 21. a3 Rf8 22. f4 Nc4 23. Bxg7 Qxg7 24. Nd4 Rce8 25. Qg3 Rf7 26. Rhf1 e5 27. fxe5 Rxf1 28. Rxf1 Nd2+ 29. Ka2 Nxf1 30. Qh3 Qxe5 31. Qd7 Bc8 32. Qc6 Ne3 33. b3 Rf8 0-1

[Event "Santa Fe Laguna Paiva op"]
[Site "Santa Fe"]
[Date "2019.03.10"]
[Round "5"]
[White "Aguero, Joel"]
[Black "Calamari, Herminio"]
[Result "1-0"]
[WhiteElo "1478"]
[BlackElo "1215"]
[PlyCount "87"]
[EventDate "2019.03.09"]
[EventType "swiss"]
[EventRounds "6"]
[EventCountry "ARG"]
[SourceTitle "CBM 189 Extra"]
[Source "ChessBase"]
[SourceDate "2019.06.03"]
[SourceVersion "1"]
[SourceVersionDate "2019.06.03"]
[SourceQuality "1"]

1. e4 c5 2. Nf3 d6 3. Nc3 Nf6 4. d4 cxd4 5. Nxd4 a6 6. Be2 Qc7 7. 0-0 e6 8. Be3 Be7 9. Qd2 Nc6 10. Nxc6 bxc6 11. h3 0-0 12. Rad1 h6 13. b3 Bb7 14. f4 d5 15. e5 Nd7 16. Na4 c5 17. Bf3 f6 18. c4 d4 19. Bxb7 Qxb7 20. exf6 Nxf6 21. Bf2 Ne4 22. Qe2 Rxf4 23. g3 Rf6 24. Rde1 Ng5 25. Bxd4 Rxf1+ 26. Rxf1 cxd4 27. h4 Nf7 28. Qxe6 Bb4 29. Nb6 Rd8 30. Nd5 Rxd5 31. cxd5 d3 32. Qe8+ Bf8 33. d6 Qd5 34. d7 d2 35. Qxf7+ Qxf7 36. d8Q Qa7+ 37. Kh2 Qe3 38. Qxf8+ Kh7 39. Qf5+ Kg8 40. Qc8+ Kh7 41. Qc2+ Kg8 42. Qd1 g6 43. b4 h5 44. Qb3+ 1-0

[Event "Santa Fe Rafaela U2200 op"]
[Site "Santa Fe"]
[Date "2018.09.14"]
[Round "1.2"]
[White "Mizzau, Pablo"]
[Black "Calamari, Herminio"]
[Result "1-0"]
[WhiteElo "2064"]
[BlackElo "1218"]
[PlyCount "75"]
[EventDate "2018.09.14"]
[EventType "swiss"]
[EventRounds "7"]
[EventCountry "ARG"]
[SourceTitle "EXT 2024"]
[Source "ChessBase"]
[SourceDate "2023.10.10"]
[SourceVersion "1"]
[SourceVersionDate "2023.10.10"]
[SourceQuality "1"]

1. e4 c5 2. Nf3 d6 3. d4 cxd4 4. Nxd4 Nf6 5. Nc3 e6 6. Be2 a6 7. 0-0 Be7 8. Be3 Nc6 9. f4 Nxd4 10. Bxd4 Qc7 11. a4 b6 12. Kh1 e5 13. Be3 Bb7 14. Bd3 h5 15. fxe5 dxe5 16. Qe2 Bc5 17. Bg5 Be7 18. Bc4 Rd8 19. Bxa6 Bxa6 20. Qxa6 Ng4 21. Qb5+ Kf8 22. Nd5 Rxd5 23. Bxe7+ Kxe7 24. Qxd5 f6 25. Rf3 Rd8 26. Rc3 Rxd5 27. Rxc7+ Kd6 28. exd5 Kxc7 29. c4 e4 30. Kg1 Ne5 31. b3 Kd6 32. Kf2 Kc5 33. Ke3 Ng4+ 34. Kxe4 Kb4 35. h3 Ne5 36. Kf5 Kxb3 37. Re1 Kxa4 38. Rxe5 1-0